00777 2200265 4500001002100000005001500021035002000036007000300056008004100059100001900100245007900119250001000198300006100208020002200269082000800291084001400299090001900313260004400332600002500376850001000401990002500411990002500436990002500461990002500486INLIS00000000000242320260602101423 a0010-0220000274ta260602 0 0 aDaru Wijayanti1 aTiga Ratus Enam Puluh Lima Keajaiban Dunia Super Dahsyat /cDaru Wijayanti aCet.1 aiii,505 hlm. :bilus. ;c20 CmeBibliografi, hlm 506-507 a978-602-51197-5-0 a900 a900 DAR t a900 DAR t 25-1 aYogyakarta :bMillennial Readers,c2018 4aGeografi dan Sejarah aPUPAD a32.223/APBD/DPK/2019 a32.224/APBD/DPK/2019 a32.225/APBD/DPK/2019 a32.226/APBD/DPK/2019